00508nam a22001577a 450000500170000002000250001703700140004210000220005624500410007826000330011927000410015230000290019394200170022299900170023995200940025620111212140243.0 a9788121937290c89.00 bS. Chand  aPipe, Jim 936839 aLook and play kittens /cby Jim Pipe aNew Delhi bS. Chand c2011 a7361, Ram Nagar bNew Delhi e110055 a24p. bill. c24cm(pbk)  2ddccCHmPIP c59294d59294 00104070aAGbAGd2011-12-12g89.00l0oPIPr2011-12-12 00:00:00v89.00w2011-12-12yCH